Countries and Colonies of Africa: 1957 Quiz Stats

 Plays Quiz Updated Jul 2, 2018

Challenge
Share
Tweet
Score 0/46 Timer 07:00
0 Plays Today
% Correct
Egypt
96%
South West Africa (South Africa)
94.2%
South Africa
94%
Spanish Sahara
93.5%
Morocco
92.9%
Algeria (France)
92.1%
Libya
91.8%
Sudan
90.8%
Madagascar (France)
90.8%
Tunisia
89.4%
Ethiopia
88.9%
Italian Somaliland (Italy)
86.9%
Kenya (UK)
84.8%
Nigeria (UK)
83.3%
Ghana
77.4%
Angola (Portugal)
76.5%
Uganda (UK)
73.6%
Liberia
73.2%
Mozambique (Portugal)
72.5%
Dahomey (France)
72.4%
Swaziland (UK)
72.1%
Togo (France)
70.5%
French Cameroun (France)
68.1%
% Correct
British Cameroon (UK)
68%
Portuguese Guinea (Portugal)
67.7%
Mauritius (UK)
65.7%
Seychelles (UK)
65.3%
Cape Verde (Portugal)
65.1%
Comoros (France)
63.1%
The Gambia (UK)
62.5%
Sierra Leone (UK)
61.2%
São Tomé and Príncipe (Portugal)
55.2%
Belgian Congo (Belgium)
51%
Equatorial Guinea (Spain)
50.7%
Zanzibar (UK)
43.8%
Southern Rhodesia (UK)
35%
Northern Rhodesia (UK)
33.6%
French West Africa (France)
33.1%
Tanganyika (UK)
30.6%
British Somaliland (UK)
24%
French Somaliland (France)
19.2%
Bechuanaland (UK)
15.7%
Nyasaland (UK)
15.2%
Basutoland (UK)
12%
French Equatorial Africa (France)
9.6%
Ruanda-Urundi (Belgium)
6.8%

You're not logged in!

Compare scores with friends on all Sporcle quizzes.
Join for Free
OR
Log In

You Might Also Like...

Show Comments

Extras

Top Quizzes Today


Score Distribution

Your Account Isn't Verified!

In order to create a playlist on Sporcle, you need to verify the email address you used during registration. Go to your Sporcle Settings to finish the process.

Report this User

Report this user for behavior that violates our Community Guidelines.

Details: